000 00893cab a2200301 4500
001 ABS53628
008 090401t1995 xxu||||| |||| 00| 0 eng d
035 _a(Sirsi) u5447
041 _aeng
100 _aWatt, D.
245 _aInvest at leisure
260 _c1995
350 _a0
490 _aProperty Review
_v5(7) September 1995, 220-225(6)
520 _aExamines trends in the main leisure markets and considers the prospects for the sector. Covers bingo clubs, tenpin bowling centres and multiplex cinemas. Includes statistics.
650 _aBINGO CLUBS
650 _aFORECASTS
650 _aINVESTMENT MARKET
650 _aLEISURE FACILITIES
650 _aLEISURE MARKET
650 _aMULTIPLEX CINEMAS
650 _aTENPIN BOWLING CENTRES
650 _aTRENDS
690 _aLEISURE AND RECREATION
700 _aValente, J.
942 _n0
948 _c04/03/1997
999 _c3242
_d3242